| 000 | 01566nam a2200361 c 4500 | ||
|---|---|---|---|
| 003 | BLK | ||
| 005 | 20180420233740.0 | ||
| 008 | 180410b bul|||||r ||||||| ||bul|| | ||
| 010 | _aKNG00155290000 | ||
| 040 | _aBLK | ||
| 041 |
_aBUL _cBUL |
||
| 080 |
_aСемкови плодови растения - Ябълка, круша, дюля, мушмула и др. _b634.10 _x(02.053.2) _z634.10(02.053.2) |
||
| 100 | 1 |
_aВернер, Нилс _eпърви автор _9330272 |
|
| 700 | 1 |
_aНедевска, Възкресия _eпрев. от нем. _9330273 |
|
| 700 | 1 |
_aГрубе-Хайнеке, Регине _eил. _956722 |
|
| 139 |
_aВернер, Нилс _bВ 50 |
||
| 245 | 1 | 0 |
_aПриключения в Ябълкания _bНауч.-худож. кн. за 6-9 год. възраст _cНилс Вернер; прев. от нем. Възкресия Недевска; ил. Регине Грубе-Хайнеке. |
| 257 | _aDEU | ||
| 260 |
_аСофия _bОтечество _c1982 |
||
| 300 |
_a47 с. _bс цв. ил. _c33 см |
||
| 380 | _aDN | ||
| 500 | _aОриг. загл. Abenteuer im Havelland / Nils Werner. - Офс. изд. - 40 115 тир. | ||
| 650 | 4 |
_aЯбълки _9178022 |
|
| 653 | _aябълки | ||
| 653 | _aплодове | ||
| 653 | _aдетска литература | ||
| 653 | _aлитература за деца | ||
| 852 | _aЦб ІІ 19696 | ||
| 856 | 4 |
_qpdf _u |
|
| 856 | 4 |
_qpdf _u |
|
| 942 |
_cKNG _n0 |
||
| 944 |
_aCR _c06.01.2014 _lф / 06.01.2014 _kМитко_Георгиев |
||
| 944 |
_aED _c21.08.2015 _lф / 06.01.2014 _kЛюдмила_Стоянова |
||
| 999 |
_c149052 _d149052 |
||